[Event "CZE-chT2D 2223"]
[Site "Czech Republic"]
[Date "2022.12.04"]
[Round "4.3"]
[White "Juptner, Jan"]
[Black "Szucs, Matyas"]
[Result "1-0"]
[WhiteElo "2217"]
[BlackElo "2106"]
[PlyCount "37"]
[EventDate "2022.10.16"]
[EventType "team-tourn"]
[EventRounds "11"]
[EventCountry "CZE"]
[SourceTitle "EXT 2024"]
[Source "ChessBase"]
[SourceDate "2023.10.10"]
[SourceVersion "1"]
[SourceVersionDate "2023.10.10"]
[SourceQuality "1"]
[WhiteTeam "Hradec Kralove Lipky"]
[BlackTeam "Lipa"]
[WhiteTeamCountry "CZE"]
[BlackTeamCountry "CZE"]

1. d4 d5 2. c4 e5 3. dxe5 Ne7 4. Nf3 Nbc6 5. cxd5 Qxd5 6. Qxd5 Nxd5 7. a3 Bg4 8. Nbd2 0-0-0 9. h3 Be6 10. g3 h6 11. Bg2 g5 12. b3 Bg7 13. Bb2 Nde7 14. 0-0-0 Ng6 15. Kc2 Rhe8 16. e3 Bf5+ 17. e4 Be6 18. b4 Bd7 19. e6 1-0

[Event "CZE-chT1W 1920"]
[Site "Czech Republic"]
[Date "2020.02.02"]
[Round "7.1"]
[White "Netusil, Miloslav"]
[Black "Juptner, Jan"]
[Result "1/2-1/2"]
[WhiteElo "2170"]
[BlackElo "2294"]
[PlyCount "151"]
[EventDate "2019.10.20"]
[EventType "team-tourn"]
[EventRounds "11"]
[EventCountry "CZE"]
[SourceTitle "CBM 194 Extra"]
[Source "ChessBase"]
[SourceDate "2020.03.31"]
[SourceVersion "1"]
[SourceVersionDate "2020.03.31"]
[SourceQuality "1"]
[WhiteTeam "Vysehrad"]
[BlackTeam "Lysa nad Labem III"]
[WhiteTeamCountry "CZE"]
[BlackTeamCountry "CZE"]

1. d4 Nf6 2. c4 e6 3. Nc3 Bb4 4. e3 0-0 5. Bd3 d5 6. a3 Bxc3+ 7. bxc3 c5 8. cxd5 exd5 9. Ne2 b6 10. 0-0 Ba6 11. Ng3 Bxd3 12. Qxd3 Re8 13. f3 Nc6 14. Ra2 Qd7 15. e4 cxd4 16. e5 Nxe5 17. Qxd4 h6 18. Bf4 Nc6 19. Qd3 d4 20. Rd1 Rad8 21. Rc2 g5 22. Bd2 dxc3 23. Qxc3 Nd4 24. Rcc1 Ne2+ 25. Nxe2 Rxe2 26. Qxf6 Rxd2 27. Re1 Qd4+ 28. Qxd4 R8xd4 29. Rc7 Rb2 30. Kh1 Re2 31. Rf1 Ra4 32. h3 Rxa3 33. Rd1 Re6 34. Rdd7 Rf6 35. Rxa7 Rxa7 36. Rxa7 Kg7 37. Rb7 Kg6 38. h4 gxh4 39. Kh2 Kf5 40. Re7 Kg6 41. Rb7 Kg7 42. Rb8 Rd6 43. Kh3 Kf6 44. Rb7 Ke6 45. Kxh4 f5 46. g4 fxg4 47. fxg4 Ke5 48. Kh5 Rf6 49. Rh7 Kf4 50. Rd7 Re6 51. Rf7+ Kg3 52. Rb7 Rf6 53. Rb8 Rc6 54. Rb7 Re6 55. Rb8 Kf4 56. Rb7 Ke5 57. Rh7 Kf4 58. Rf7+ Ke3 59. Rb7 Rf6 60. Rb8 Rc6 61. Rb7 Rd6 62. Rb8 Re6 63. Rb7 Rf6 64. Rb8 Kf4 65. Rb7 Ke5 66. Rh7 Kf4 67. Rb7 Rd6 68. Rb8 Re6 69. Rb7 Ke4 70. Rb8 Kd4 71. Rb7 Kc5 72. Rc7+ Kd6 73. Rb7 Kc6 74. Rh7 b5 75. Rxh6 Rxh6+ 76. Kxh6 1/2-1/2

[Event "CZE-chT1W 1920"]
[Site "Czech Republic"]
[Date "2020.01.19"]
[Round "6.1"]
[White "Juptner, Jan"]
[Black "Fajman, Petr"]
[Result "1-0"]
[WhiteElo "2294"]
[BlackElo "2191"]
[PlyCount "124"]
[EventDate "2019.10.20"]
[EventType "team-tourn"]
[EventRounds "11"]
[EventCountry "CZE"]
[SourceTitle "CBM 194 Extra"]
[Source "ChessBase"]
[SourceDate "2020.03.31"]
[SourceVersion "1"]
[SourceVersionDate "2020.03.31"]
[SourceQuality "1"]
[WhiteTeam "Lysa nad Labem III"]
[BlackTeam "Neratovice"]
[WhiteTeamCountry "CZE"]
[BlackTeamCountry "CZE"]

1. d4 Nf6 2. c4 g6 3. Nc3 d6 4. e4 Bg7 5. Nf3 0-0 6. Be2 e5 7. 0-0 Nc6 8. d5 Ne7 9. b4 a5 10. Ba3 b6 11. bxa5 Rxa5 12. Bb4 Ra8 13. a4 Ne8 14. Re1 Bh6 15. Nd2 f5 16. Nb3 fxe4 17. Nxe4 Nf5 18. Bf1 Nf6 19. Nbd2 Nd4 20. Bc3 Nf5 21. a5 bxa5 22. Nxf6+ Qxf6 23. Ne4 Qe7 24. Rxa5 Rxa5 25. Bxa5 Rf7 26. Qb1 Kg7 27. Qb8 Qd7 28. c5 Nd4 29. h3 dxc5 30. d6 cxd6 31. Nxd6 Nc6 32. Qxc8 Qxd6 33. Bc3 Rc7 34. Qa6 Qf6 35. Qb6 Qe7 36. Bc4 Bg5 37. Ra1 Nd4 38. Qb8 Qd8 39. Qb6 Qe7 40. Qb8 Qd8 41. Qb1 Qf6 42. Ra8 Kh6 43. Qb8 Rd7 44. Qe8 Qf5 45. Ra1 Rb7 46. Re1 Rb1 47. Bf1 Rxe1 48. Bxe1 Qf6 49. Bd3 Qe7 50. Qa8 Ne6 51. Qe4 Nf4 52. Bf1 Bf6 53. g3 Ne6 54. h4 Kg7 55. Bc4 Nd4 56. Qd5 Qf8 57. Ba5 Nc2 58. Bc7 Nd4 59. Bd6 Qd8 60. Kg2 Nf5 61. Qf7+ Kh8 62. Bf8 Nh6 1-0

[Event "CZE-chT2C 1920"]
[Site "Czech Republic"]
[Date "2019.11.17"]
[Round "3.4"]
[White "Kawulok, Marek"]
[Black "Juptner, Jan"]
[Result "1-0"]
[WhiteElo "2179"]
[BlackElo "2303"]
[PlyCount "109"]
[EventDate "2019.10.13"]
[EventType "team-tourn"]
[EventRounds "11"]
[EventCountry "CZE"]
[SourceTitle "EXT 2024"]
[Source "ChessBase"]
[SourceDate "2023.10.10"]
[SourceVersion "1"]
[SourceVersionDate "2023.10.10"]
[SourceQuality "1"]
[WhiteTeam "Neratovice II"]
[BlackTeam "Lysa nad Labem Joly III"]
[WhiteTeamCountry "CZE"]
[BlackTeamCountry "CZE"]

1. e4 c5 2. Nf3 d6 3. c3 Nf6 4. Be2 Bd7 5. d3 Bc6 6. 0-0 Nbd7 7. Re1 g6 8. Nbd2 Bg7 9. Bf1 0-0 10. d4 d5 11. e5 Ne8 12. b4 cxb4 13. cxb4 Nc7 14. a4 a6 15. Qb3 Nb6 16. Bb2 Qd7 17. Rec1 Rac8 18. a5 Nba8 19. Qe3 Ne6 20. g3 Bb5 21. Bh3 Rxc1+ 22. Rxc1 Rc8 23. Nb3 Rxc1+ 24. Qxc1 Nac7 25. Nc5 Qc6 26. Nxe6 Nxe6 27. Qxc6 bxc6 28. Bxe6 fxe6 29. Bc1 Be2 30. Ne1 Kf7 31. f3 Bf8 32. Kf2 Bb5 33. Nc2 Bg7 34. Be3 Bf8 35. Na3 Bd3 36. Ke1 Bb5 37. Nb1 Bg7 38. Nd2 Bf8 39. Nb3 Bg7 40. Nc5 Bf8 41. Nd7 Ke8 42. Kf2 Bg7 43. Kg2 Be2 44. Nc5 Kf7 45. Kh3 Bf8 46. Kg4 Bg7 47. h4 Bf8 48. h5 gxh5+ 49. Kxh5 Bxf3+ 50. g4 Be2 51. Bh6 Bxg4+ 52. Kxg4 Bxh6 53. Nxa6 Ke8 54. Nc5 Kd8 55. a6 1-0

[Event "CZE-chT1W 1819"]
[Site "Czech Republic"]
[Date "2019.03.24"]
[Round "10.5"]
[White "Juptner, Jan"]
[Black "Jelinek, Michal"]
[Result "1/2-1/2"]
[WhiteElo "2244"]
[BlackElo "2080"]
[PlyCount "89"]
[EventDate "2018.10.21"]
[EventType "team-tourn"]
[EventRounds "11"]
[EventCountry "CZE"]
[SourceTitle "CBM 189 Extra"]
[Source "ChessBase"]
[SourceDate "2019.06.03"]
[SourceVersion "1"]
[SourceVersionDate "2019.06.03"]
[SourceQuality "1"]
[WhiteTeam "Lysa nad Labem III"]
[BlackTeam "Praha Oaza"]
[WhiteTeamCountry "CZE"]
[BlackTeamCountry "CZE"]

1. d4 Nf6 2. c4 g6 3. f3 Bg7 4. e4 d6 5. Nc3 0-0 6. Be3 Nbd7 7. Qd2 c6 8. Nh3 a6 9. Nf2 b5 10. b3 b4 11. Na4 c5 12. Rd1 Qa5 13. a3 Rb8 14. Be2 Qc7 15. axb4 cxb4 16. 0-0 a5 17. f4 Bb7 18. d5 Ne8 19. Rc1 f5 20. e5 dxe5 21. c5 exf4 22. Bxf4 Be5 23. Nd3 Bxf4 24. Nxf4 Ndf6 25. Bc4 Qe5 26. Rce1 Ne4 27. Rxe4 fxe4 28. Qe3 Ng7 29. c6 Bc8 30. d6+ Be6 31. c7 Bxc4 32. cxb8Q Rxb8 33. bxc4 exd6 34. Nd5 Nf5 35. Qxe4 Qxe4 36. Nf6+ Kg7 37. Nxe4 b3 38. Nb2 Rb4 39. Nc3 Ne3 40. Ra1 Nxc4 41. Nd5 Rb5 42. Nc7 Rb4 43. Nd5 Rb5 44. Nc7 Rb4 45. Nd5 1/2-1/2

[Event "CZE-chT1W 1819"]
[Site "Czech Republic"]
[Date "2018.10.21"]
[Round "1.4"]
[White "Dolezal, Radoslav"]
[Black "Juptner, Jan"]
[Result "1/2-1/2"]
[WhiteElo "2357"]
[BlackElo "2244"]
[PlyCount "126"]
[EventDate "2018.10.21"]
[EventType "team-tourn"]
[EventRounds "11"]
[EventCountry "CZE"]
[SourceTitle "CBM 187 Extra"]
[Source "ChessBase"]
[SourceDate "2018.11.04"]
[SourceVersion "1"]
[SourceVersionDate "2018.11.04"]
[SourceQuality "1"]
[WhiteTeam "Pankrac"]
[BlackTeam "Lysa nad Labem III"]
[WhiteTeamCountry "CZE"]
[BlackTeamCountry "CZE"]

1. d4 Nf6 2. Nf3 g6 3. g3 Bg7 4. Bg2 c5 5. c3 0-0 6. dxc5 Qc7 7. b4 Nc6 8. a3 a5 9. Bb2 Ng4 10. h3 Nge5 11. Nbd2 axb4 12. axb4 Rxa1 13. Bxa1 b6 14. cxb6 Qxb6 15. 0-0 Ba6 16. Nxe5 Bxe5 17. Ne4 Rd8 18. Nc5 Bb5 19. Kh2 d5 20. Nd3 Bg7 21. Qd2 Bc4 22. Bb2 Ra8 23. Ra1 Rxa1 24. Bxa1 e6 25. Bb2 Qb5 26. f4 h5 27. Bf3 Qa4 28. e4 Qa2 29. Nc1 Qb1 30. exd5 exd5 31. Ba3 h4 32. gxh4 Qf5 33. Ne2 Ne5 34. Nd4 Nxf3+ 35. Nxf3 Qe4 36. Kg3 Bf6 37. Bc1 Be2 38. Ng1 Bf1 39. Bb2 Kh7 40. Nf3 Be2 41. Ng1 Bf1 42. Qf2 Qd3+ 43. Qf3 Qb1 44. Qf2 Bd3 45. Nf3 Kg7 46. Qd2 Be4 47. Ne1 Qa2 48. Nf3 Qb3 49. Nd4 Qa2 50. Nf3 Qc4 51. Kf2 Kg8 52. Ng5 Bf5 53. Kg2 Kg7 54. Kf2 Kg8 55. Kg2 Be4+ 56. Kf2 Bd3 57. Qe3 Be4 58. Qd2 Qb3 59. Nxe4 dxe4 60. Ke3 Bxh4 61. Kxe4 Qe6+ 62. Kd3 Qxh3+ 63. Qe3 Qg2 1/2-1/2

[Event "CZE-chT2C 1718"]
[Site "Czech Republic"]
[Date "2018.04.08"]
[Round "11.3"]
[White "Moravec, Vit"]
[Black "Juptner, Jan"]
[Result "1/2-1/2"]
[WhiteElo "2218"]
[BlackElo "2261"]
[PlyCount "44"]
[EventDate "2017.10.15"]
[EventType "team-tourn"]
[EventRounds "11"]
[EventCountry "CZE"]
[SourceTitle "EXT 2022"]
[Source "ChessBase"]
[SourceDate "2021.10.06"]
[SourceVersion "1"]
[SourceVersionDate "2021.10.06"]
[SourceQuality "1"]
[WhiteTeam "Kutna Hora"]
[BlackTeam "Praha Eurovia"]
[WhiteTeamCountry "CZE"]
[BlackTeamCountry "CZE"]

1. e4 c5 2. Nf3 d6 3. d4 cxd4 4. Qxd4 a6 5. c4 Nc6 6. Qe3 g6 7. Be2 Bg4 8. 0-0 Bg7 9. Nc3 Bxf3 10. Bxf3 Nf6 11. b3 0-0 12. Bb2 Nd7 13. Rfd1 b5 14. Be2 b4 15. Na4 Qa5 16. Bxg7 Kxg7 17. Rd5 Qc7 18. c5 dxc5 19. Rad1 Nd4 20. Bg4 Nf6 21. Rxc5 Nc6 22. Bf3 Nd7 1/2-1/2

[Event "CZE-chT2C 1718"]
[Site "Czech Republic"]
[Date "2017.12.17"]
[Round "5.3"]
[White "Juptner, Jan"]
[Black "Maly, Marek1111"]
[Result "1-0"]
[WhiteElo "2261"]
[BlackElo "2173"]
[PlyCount "43"]
[EventDate "2017.10.15"]
[EventType "team-tourn"]
[EventRounds "11"]
[EventCountry "CZE"]
[SourceTitle "EXT 2022"]
[Source "ChessBase"]
[SourceDate "2021.10.06"]
[SourceVersion "1"]
[SourceVersionDate "2021.10.06"]
[SourceQuality "1"]
[WhiteTeam "Praha Eurovia"]
[BlackTeam "Ricany"]
[WhiteTeamCountry "CZE"]
[BlackTeamCountry "CZE"]

1. d4 Nf6 2. c4 e6 3. Nc3 d5 4. cxd5 exd5 5. Bg5 Bb4 6. e3 h6 7. Bh4 g5 8. Bg3 Ne4 9. Nge2 h5 10. h4 Bg4 11. Qb3 Bxe2 12. Qxb4 Nxg3 13. fxg3 Bxf1 14. Rxf1 b6 15. Rf5 Qd6 16. Qxd6 cxd6 17. Nxd5 Kd7 18. Rc1 Na6 19. e4 gxh4 20. gxh4 Raf8 21. b4 b5 22. a4 1-0

[Event "CZE-chT2C 1718"]
[Site "Czech Republic"]
[Date "2017.11.19"]
[Round "3.2"]
[White "Hrabal, Michal"]
[Black "Juptner, Jan"]
[Result "0-1"]
[WhiteElo "2104"]
[BlackElo "2261"]
[PlyCount "72"]
[EventDate "2017.10.15"]
[EventType "team-tourn"]
[EventRounds "11"]
[EventCountry "CZE"]
[SourceTitle "EXT 2022"]
[Source "ChessBase"]
[SourceDate "2021.10.06"]
[SourceVersion "1"]
[SourceVersionDate "2021.10.06"]
[SourceQuality "1"]
[WhiteTeam "Jihlava Gambit"]
[BlackTeam "Praha Eurovia"]
[WhiteTeamCountry "CZE"]
[BlackTeamCountry "CZE"]

1. e4 c5 2. Nc3 Nc6 3. Bb5 Nd4 4. Bc4 e6 5. Nge2 Nf6 6. 0-0 d5 7. exd5 exd5 8. Nxd4 dxc4 9. Nf3 Be7 10. Qe2 0-0 11. Qxc4 a6 12. b3 b5 13. Qe2 Bb7 14. d3 Re8 15. Bf4 Bd6 16. Qd2 Bxf3 17. gxf3 Nh5 18. Bg3 f5 19. Ne2 f4 20. Kg2 b4 21. d4 fxg3 22. hxg3 Nf6 23. Rad1 Qc7 24. Rh1 Rad8 25. Rh4 Bf8 26. Qd3 cxd4 27. Nxd4 a5 28. Rdh1 g6 29. Qb5 Rd5 30. Qa6 Qd6 31. Qc4 Qc5 32. Qa6 Rd6 33. Qd3 Bg7 34. Rc1 g5 35. Qb5 Qxb5 36. Nxb5 Rb6 0-1

[Event "CZE-chT2C 1617"]
[Site "Czech Republic"]
[Date "2016.12.11"]
[Round "5.3"]
[White "Skalicky, Tomas"]
[Black "Juptner, Jan"]
[Result "0-1"]
[WhiteElo "2162"]
[BlackElo "2262"]
[PlyCount "54"]
[EventDate "2016.10.09"]
[EventType "team-tourn"]
[EventRounds "11"]
[EventCountry "CZE"]
[SourceTitle "EXT 2022"]
[Source "ChessBase"]
[SourceDate "2021.10.06"]
[SourceVersion "1"]
[SourceVersionDate "2021.10.06"]
[SourceQuality "1"]
[WhiteTeam "Ricany"]
[BlackTeam "Lysa nad Labem III"]
[WhiteTeamCountry "CZE"]
[BlackTeamCountry "CZE"]

1. d4 Nf6 2. c4 g6 3. Nc3 Bg7 4. Nf3 0-0 5. g3 c5 6. Bg2 cxd4 7. Nxd4 Qc7 8. b3 d5 9. 0-0 dxc4 10. Ndb5 Qa5 11. Bf4 Nc6 12. Nc7 e5 13. Nxa8 exf4 14. Rc1 fxg3 15. hxg3 Rd8 16. Qe1 Ng4 17. Nd5 Rxd5 18. Qxa5 Rxa5 19. Bxc6 bxc6 20. Rxc4 Rxa2 21. Rxc6 Be6 22. Rd1 h5 23. Nc7 Bxb3 24. Rb1 Ne5 25. Rc3 Ba4 26. Rb8+ Kh7 27. Ne8 Nd7 0-1

[Event "CZE-chT2C 1516"]
[Site "Czech Republic"]
[Date "2016.02.21"]
[Round "8.4"]
[White "Skrivanek, Jan"]
[Black "Juptner, Jan"]
[Result "1-0"]
[WhiteElo "2201"]
[BlackElo "2291"]
[PlyCount "59"]
[EventDate "2015.10.18"]
[EventType "team-tourn"]
[EventRounds "11"]
[EventCountry "CZE"]
[SourceTitle "EXT 2022"]
[Source "ChessBase"]
[SourceDate "2021.10.06"]
[SourceVersion "1"]
[SourceVersionDate "2021.10.06"]
[SourceQuality "1"]
[WhiteTeam "Praha Dopravni podnik II"]
[BlackTeam "Lysa nad Labem III"]
[WhiteTeamCountry "CZE"]
[BlackTeamCountry "CZE"]

1. e4 c5 2. Nc3 Nc6 3. g3 g6 4. Bg2 Bg7 5. d3 d6 6. Be3 Rb8 7. Qd2 b5 8. Nf3 b4 9. Nd1 Nf6 10. h3 Qa5 11. 0-0 Ba6 12. Bh6 Bxh6 13. Qxh6 b3 14. c4 bxa2 15. Nc3 Rxb2 16. Nd5 Nd4 17. Qg7 Rf8 18. Nxf6+ exf6 19. Qxf6 Qd8 20. Qg7 Qb6 21. Nxd4 cxd4 22. e5 Re2 23. exd6 Qxd6 24. Bf3 Rb2 25. Rfe1+ Kd8 26. Re4 Rb1+ 27. Kh2 Rxa1 28. Rxd4 Re1 29. Rxd6+ Ke7 30. Qf6+ 1-0

[Event "Landesliga Sued 1516"]
[Site "Bayern"]
[Date "2016.01.17"]
[Round "5.3"]
[White "Juptner, Jan"]
[Black "De Francesco, Klaus"]
[Result "1-0"]
[WhiteElo "2357"]
[BlackElo "2232"]
[PlyCount "75"]
[EventDate "2015.10.11"]
[EventType "team-tourn"]
[EventRounds "9"]
[EventCountry "GER"]
[SourceTitle "EXT 2018"]
[Source "ChessBase"]
[SourceDate "2017.10.13"]
[SourceVersion "1"]
[SourceVersionDate "2017.10.13"]
[SourceQuality "1"]
[WhiteTeam "Muenchen Tarrasch"]
[BlackTeam "Weilheim"]
[WhiteTeamCountry "GER"]
[BlackTeamCountry "GER"]

1. d4 Nf6 2. c4 g6 3. f3 Nc6 4. e4 e5 5. dxe5 Nxe5 6. Nc3 Bg7 7. Bg5 h6 8. Be3 d6 9. Qd2 a6 10. Be2 Be6 11. b3 Qd7 12. g4 Nc6 13. 0-0-0 h5 14. g5 Nh7 15. f4 0-0-0 16. Nf3 Bg4 17. Nd4 Bxe2 18. Qxe2 Rhe8 19. Qg2 Nf8 20. Nd5 Ne6 21. Nc2 Ne7 22. f5 Nxf5 23. exf5 gxf5 24. Qf3 f4 25. Bxf4 Nxf4 26. Qxf4 Be5 27. Qf3 Qc6 28. Qxf7 Kb8 29. Qxh5 a5 30. Qh3 Rf8 31. Rhf1 b5 32. Qd3 Qc5 33. cxb5 Rf2 34. Rxf2 Qxf2 35. Qc4 Rd7 36. Rf1 Qg2 37. h4 Rh7 38. Nce3 1-0

[Event "CZE-chT1W 1516"]
[Site "Czech Republic"]
[Date "2015.11.29"]
[Round "4.3"]
[White "Juptner, Jan"]
[Black "Suran, Jan"]
[Result "1/2-1/2"]
[WhiteElo "2322"]
[BlackElo "2398"]
[PlyCount "57"]
[EventDate "2015.10.11"]
[EventType "team-tourn"]
[EventRounds "11"]
[EventCountry "CZE"]
[SourceTitle "EXT 2017"]
[Source "ChessBase"]
[SourceDate "2016.10.25"]
[SourceVersion "1"]
[SourceVersionDate "2016.10.25"]
[SourceQuality "1"]
[WhiteTeam "Hradec Kralove"]
[BlackTeam "Praha Vysehrad"]
[WhiteTeamCountry "CZE"]
[BlackTeamCountry "CZE"]

1. d4 Nf6 2. c4 g6 3. g3 Bg7 4. Bg2 0-0 5. Nc3 d6 6. Nf3 c6 7. 0-0 Bf5 8. Re1 Ne4 9. Nxe4 Bxe4 10. Bh3 Bxf3 11. exf3 Nd7 12. d5 Re8 13. Rb1 a5 14. f4 cxd5 15. cxd5 Nc5 16. f5 b5 17. fxg6 hxg6 18. Bf1 Qd7 19. Qf3 b4 20. h4 Rab8 21. b3 Qf5 22. Qxf5 gxf5 23. f3 Be5 24. Kg2 Kg7 25. Bc4 Rh8 26. Bg5 Rb7 27. Re2 Bf6 28. Bf4 Nd7 29. Rd1 1/2-1/2

[Event "CZE-chT2C 1516"]
[Site "Czech Republic"]
[Date "2015.11.08"]
[Round "2.2"]
[White "Starek, Stanislav"]
[Black "Juptner, Jan"]
[Result "1-0"]
[WhiteElo "2167"]
[BlackElo "2291"]
[PlyCount "53"]
[EventDate "2015.10.18"]
[EventType "team-tourn"]
[EventRounds "11"]
[EventCountry "CZE"]
[SourceTitle "EXT 2022"]
[Source "ChessBase"]
[SourceDate "2021.10.06"]
[SourceVersion "1"]
[SourceVersionDate "2021.10.06"]
[SourceQuality "1"]
[WhiteTeam "Ricany"]
[BlackTeam "Lysa nad Labem III"]
[WhiteTeamCountry "CZE"]
[BlackTeamCountry "CZE"]

1. d4 Nf6 2. c4 e6 3. Nc3 Bb4 4. Qc2 0-0 5. Bg5 h6 6. Bh4 c5 7. a3 Bxc3+ 8. bxc3 Nc6 9. e3 d6 10. Nf3 e5 11. d5 Na5 12. Be2 e4 13. Nd2 g5 14. Bg3 Qe7 15. h4 Bf5 16. hxg5 hxg5 17. f4 Bg6 18. 0-0-0 Kg7 19. fxg5 Nd7 20. Bh5 Rae8 21. Bxg6 fxg6 22. Qa4 b6 23. Rh4 Ne5 24. Bxe5+ Qxe5 25. Rdh1 Re7 26. Nxe4 Kg8 27. Nf6+ 1-0